书目信息 |
| 题名: |
北京市中学音乐教师继续教育教学大纲
|
|
| 作者: | ;北京市中学音乐教师继续教育教学大纲编写组 编 | |
| 分册: | ||
| 出版信息: | 北京 不详 1990 |
|
| 页数: | 61页 | |
| 开本: | 20cm | |
| 丛书名: | ||
| 单 册: | ||
| 中图分类: | J6-42 | |
| 科图分类: | ||
| 主题词: | 音乐 | |
| 电子资源: | ||
| ISBN: | ||
| 000 | 00812nam0 2200205 450 | |
| 001 | 0739684817 | |
| 005 | 20070619162455.29 | |
| 010 | @d不详 | |
| 100 | @a20070616d1990 km y0chiy0120 ea | |
| 101 | 0 | @achi |
| 102 | @aCN@b110000 | |
| 200 | 1 | @a北京市中学音乐教师继续教育教学大纲@Abei jing shi zhong xue yin yue jiao shi ji xu jiao yu jiao xue da gang@e试行@f北京市中学音乐教师继续教育教学大纲编写组编@Fbei jing shi zhong xue yin yue jiao shi ji xu jiao yu jiao xue da gang bian xie zu bian |
| 210 | @a北京@c不详@d1990 | |
| 215 | @a61页@d20cm | |
| 517 | 1 | @a试行@Ashi xing |
| 606 | 0 | @a音乐 |
| 690 | @aJ6-42@v3 | |
| 711 | 02 | @a北京市中学音乐教师继续教育教学大纲编写组@Abei jing shi zhong xue yin yue jiao shi ji xu jiao yu jiao xue da gang bian xie zu@4编 |
| 801 | 0 | @aCN@bPFT@c20070619 |
| 905 | @a10447@dJ6-42@e463 | |
| 北京市中学音乐教师继续教育教学大纲:试行/北京市中学音乐教师继续教育教学大纲编写组编.-北京:不详,1990 |
| 61页;20cm |
| ISBN :不详 |
| ● |
| 相关链接 |
|
|
|
|
正题名:北京市中学音乐教师继续教育教学大纲
索取号:J6-42/463
 
预约/预借
| 序号 | 登录号 | 条形码 | 馆藏地/架位号 | 状态 | 备注 |
| 1 | 0654034 | 206540340 | 库房3/ [索取号:J6-42/463] | 在馆 | |
| 2 | 0655227 | 206552274 | 第一样本阅览室/ [索取号:J6-42/463] | 在馆 | |
| 3 | 0655228 | 206552283 | 密集书库/ [索取号:J6-42/463] | 在馆 | |
| 4 | 0655229 | 206552292 | 密集书库/ [索取号:J6-42/463] | 在馆 | |
| 5 | 0655230 | 206552309 | 密集书库/ [索取号:J6-42/463] | 在馆 | |
| 6 | 0655231 | 206552318 | 密集书库/ [索取号:J6-42/463] | 在馆 | |
| 7 | 0655232 | 206552327 | 库房3/ [索取号:J6-42/463] | 在馆 | |
| 8 | 0655233 | 206552336 | 库房3/ [索取号:J6-42/463] | 在馆 | |
| 9 | 0655234 | 206552345 | 库房3/ [索取号:J6-42/463] | 在馆 | |
| 10 | 0655235 | 206552354 | 库房3/ [索取号:J6-42/463] | 在馆 |